000 00505 a2200205 4500
005 20260220123041.0
008 260220b |||||||| |||| 00| 0 eng d
020 _a9789392417955
_cRs. 2000.00
040 _aMAIN
082 _a574.192
_bP67T
100 _aPise, Mashitha
245 _aTextbook of biochemistry
260 _bShubham Publications
_c2024
_aKanpur
300 _a262
650 _aMolecular Biology
650 _aMetabolism
650 _aEnzymes
650 _aProteins
942 _cBK
999 _c394560
_d394560